00542nam a2200157 a 450000100100000000500170001000800410002704000250006808200160009310000220010924500870013126000430021830000200026150400730028150400300035400002700220200930030536.0110328s1989 dr 000 0 spa d aDO-SdBNPbspacBNPHU axxxxbL768i1 aLiriano Alejandra10aIdentidad nacional :balgunos elementos para su compresión /cAlejandra Liriano. aSanto Domingo :bCentro Poveda,c1989. a57 p. ;c21 cm. aIncluye referencias bibliográficas y notas al pie de las páginas aBibliografía : p. 36-37